MARC details
| 000 -CABECERA |
| campo de control de longitud fija |
02653nam a2200349 i 4500 |
| 003 - IDENTIFICADOR DEL NÚMERO DE CONTROL |
| campo de control |
DO-SdBNP |
| 005 - FECHA Y HORA DE LA ÚLTIMA TRANSACCIÓN |
| campo de control |
20230512113852.0 |
| 007 - CAMPO FIJO DE DESCRIPCIÓN FÍSICA--INFORMACIÓN GENERAL |
| campo de control de longitud fija |
ta |
| 008 - DATOS DE LONGITUD FIJA--INFORMACIÓN GENERAL |
| campo de control de longitud fija |
110301s2021 dr c 000 0 spa d |
| 020 ## - NÚMERO INTERNACIONAL ESTÁNDAR DEL LIBRO |
| Número Internacional Estándar del Libro |
9789993448464 |
| 040 ## - FUENTE DE LA CATALOGACIÓN |
| Centro catalogador/agencia de origen |
DO-SdBNP |
| Lengua de catalogación |
spa |
| Centro/agencia transcriptor |
BNPHU |
| Normas de descripción |
rda |
| 082 #4 - NÚMERO DE LA CLASIFICACIÓN DECIMAL DEWEY |
| Número de clasificación |
333.95 |
| Número de documento/Ítem |
R6962g |
| Número de edición |
22 |
| 100 ## - ENTRADA PRINCIPAL--NOMBRE DE PERSONA |
| Nombre de persona |
Rodríguez, Milagros |
| 9 (RLIN) |
50859 |
| 245 10 - MENCIÓN DE TÍTULO |
| Título |
Guía de biodiversidad en el campus UNIBE / |
| Mención de responsabilidad, etc. |
Milagros Rodríguez, Simón Guerrero ; colaborador Brígido Peguero |
| 264 ## - PRODUCCIÓN, PUBLICACIÓN, DISTRIBUCIÓN, FABRICACIÓN Y COPYRIGHT |
| Producción, publicación, distribución, fabricación y copyright |
Santo Domingo : |
| Nombre del de productor, editor, distribuidor, fabricante |
UNIBE, |
| Fecha de producción, publicación, distribución, fabricación o copyright |
2021. |
| 300 ## - DESCRIPCIÓN FÍSICA |
| Extensión |
66 páginas : |
| Otras características físicas |
retratos ; |
| Dimensiones |
28 cm. |
| 336 ## - TIPO DE CONTENIDO |
| Fuente |
rdacontent |
| Término de tipo de contenido |
texto |
| Código de tipo de contenido |
txt |
| 337 ## - TIPO DE MEDIO |
| Fuente |
rdamedia |
| Nombre/término del tipo de medio |
sin mediación |
| Código del tipo de medio |
n |
| 338 ## - TIPO DE SOPORTE |
| Fuente |
rdacarrier |
| Nombre/término del tipo de soporte |
volumen |
| Código del tipo de soporte |
nc |
| 500 ## - NOTA GENERAL |
| Nota general |
Incluye glosario en la pagina 61 |
| 504 ## - NOTA DE BIBLIOGRAFÍA, ETC. |
| Nota de bibliografía, etc. |
Bibliografía : p. 62 |
| 505 ## - NOTA DE CONTENIDO CON FORMATO |
| Nota de contenido con formato |
La biodiversidad en el campus de UNIBE -- |
| Información miscelánea |
La flora en UNIBE, descripción de las plantas nativas presentes en el campus de UNIBE -- |
| Título |
Arrayán -- |
| -- |
Cereza -- |
| -- |
Avellano criollo -- |
| -- |
Buzunuco -- |
| -- |
Cabrita -- |
| -- |
Cardo Santo -- |
| -- |
Doña Sanica -- |
| -- |
Gri-grí, Guaraguao, Guiriguí -- |
| -- |
Guácima -- |
| -- |
Guáyiga -- |
| -- |
Guayuyo -- |
| -- |
Mara, Baría -- |
| -- |
Memiso -- |
| -- |
Morí viví -- |
| -- |
Memiso de paloma -- |
| -- |
Penda, prenda -- |
| -- |
Roble -- |
| -- |
Yagrumo, grayumbo -- |
| Información miscelánea |
Especies endémicas de interés presentes en el campus -- |
| Título |
Palma real -- |
| -- |
Rosa de Bayahíbe -- |
| Información miscelánea |
Aves observadas en el campus endémicas -- |
| Título |
Cigüa palmera -- |
| -- |
Carpintero -- |
| -- |
cuatro ojos -- |
| -- |
Pájaro Bobo -- |
| -- |
Cotorra -- |
| -- |
Perico -- |
| Información miscelánea |
Residentes reproductoras -- |
| Título |
Ruiseñor -- |
| -- |
Cigüita común -- |
| -- |
Cigüita de la Hierba -- |
| -- |
Chua Chua -- |
| -- |
Rolón Rabiche -- |
| -- |
Rolita -- |
| -- |
Tórtola Aliblanca -- |
| -- |
Zumbadorcito -- |
| -- |
Zumbador grande -- |
| -- |
Vencejito de palmar -- |
| -- |
La Cuyaya o Cenícalo -- |
| -- |
Querebebe -- |
| -- |
Lechuza común -- |
| -- |
Maura o Aura -- |
| Información miscelánea |
visitantes reproductoras -- |
| Título |
Golondrina del Caribe -- |
| -- |
Petigre -- |
| -- |
Julián Chiví -- |
| Información miscelánea |
Migratorias -- |
| Título |
Candelita -- |
| -- |
Cigüita Parula -- |
| -- |
Cigüita Tigrina -- |
| -- |
Pegapalo -- |
| -- |
Cigüita de los Prados -- |
| -- |
Cigüita Saltarina -- |
| -- |
Cigüita Enmascarada -- |
| -- |
Cigüita del Palmar -- |
| Información miscelánea |
Especies introducidas -- |
| Título |
Paloma Doméstica -- |
| -- |
Madame Sagá -- |
| Información miscelánea |
Categorías de amenaza de la Unión Internacional por la conservación de la naturaleza (IUCN) -- |
| -- |
Glosario -- |
| -- |
Bibliografía -- |
| -- |
Comité de sostenibilidad ambiental (CSA) de UNIBE / |
| 590 ## - NOTA LOCAL (RLIN) |
| Nota local |
Inventariado, 2022/ YL |
| 650 #4 - PUNTO DE ACCESO ADICIONAL DE MATERIA--TÉRMINO DE MATERIA |
| Término de materia o nombre geográfico como elemento de entrada |
Biodiversidad |
| Subdivisión geográfica |
República Dominicana |
| 9 (RLIN) |
82040 |
| 650 #4 - PUNTO DE ACCESO ADICIONAL DE MATERIA--TÉRMINO DE MATERIA |
| Término de materia o nombre geográfico como elemento de entrada |
Conservación de la biodiversidad |
| 9 (RLIN) |
82041 |
| 650 #4 - PUNTO DE ACCESO ADICIONAL DE MATERIA--TÉRMINO DE MATERIA |
| Término de materia o nombre geográfico como elemento de entrada |
Flora |
| Subdivisión geográfica |
República Dominicana |
| 9 (RLIN) |
82042 |
| 650 #4 - PUNTO DE ACCESO ADICIONAL DE MATERIA--TÉRMINO DE MATERIA |
| Término de materia o nombre geográfico como elemento de entrada |
Aves |
| Subdivisión geográfica |
República Dominicana |
| 9 (RLIN) |
23949 |
| 700 1# - PUNTO DE ACCESO ADICIONAL--NOMBRE DE PERSONA |
| Nombre de persona |
Guerrero, Simón |
| 9 (RLIN) |
82043 |
| 700 1# - PUNTO DE ACCESO ADICIONAL--NOMBRE DE PERSONA |
| Nombre de persona |
Peguero, Brígido |
| Término indicativo de función/relación |
colaborador |
| 9 (RLIN) |
82044 |
| 910 ## - DATOS DE OPCIÓN DEL USUARIO (OCLC) |
| Datos de opción del usuario |
YLockward |
| 942 ## - ELEMENTOS DE PUNTO DE ACCESO ADICIONAL (KOHA) |
| Fuente del sistema de clasificación o colocación |
Dewey Decimal Classification |
| Tipo de ítem Koha |
Libro |